Psicología del lenguaje: investigación y teoría
Guardat en:
| Autors principals: | , , |
|---|---|
| Format: | Llibre |
| Idioma: | espanyol |
| Publicat: |
Madrid
Trotta
1992
|
| Col·lecció: | Colección Estructuras y Procesos. Serie Cognitiva
|
| Matèries: | |
| Etiquetes: |
Afegir etiqueta
Sense etiquetes, Sigues el primer a etiquetar aquest registre!
|
MARC
| LEADER | 00000nam a2200000 a 4500 | ||
|---|---|---|---|
| 001 | UCO9020 | ||
| 003 | CL-VaPUC | ||
| 008 | 010119e19920000SP |||||||||||||||||spa|d | ||
| 082 | 0 | 4 | |a 401.9 |b BEL |2 21 |
| 100 | 0 | |a Belinchón Carmona, Mercedes |e author |9 454098 | |
| 700 | 0 | |a Rivière Gómez, Angel |e author |9 454099 | |
| 700 | |a Igoa González, José Manuel |e author |9 534089 | ||
| 245 | 1 | 0 | |a Psicología del lenguaje: investigación y teoría |
| 300 | |a 841 p | ||
| 942 | |c BK | ||
| 945 | |d 20010119 00:00:00 |a vberengu | ||
| 260 | |a Madrid |b Trotta |c 1992 | ||
| 650 | 0 | |a Análisis del discurso |9 256696 | |
| 650 | 0 | |a Lenguaje |9 265069 | |
| 650 | 0 | |a Lingüística |9 265068 | |
| 650 | 0 | |a Psicolingüística |9 283371 | |
| 583 | |a last modification |c 20010119 00:00:00 |k Rodrigo Vera | ||
| 490 | 0 | |a Colección Estructuras y Procesos. Serie Cognitiva | |
| 999 | |c 293425 |d 293423 | ||
| 952 | |0 0 |1 0 |4 0 |6 401_900000000000000_BEL_1992 |7 0 |8 A |9 344948 |a FDOPOS |b FDOPOS |d 2019-11-20 |i 3684520 |o 401.9 BEL 1992 |p 3684520 |r 2025-01-22 |w 2019-11-20 |y BK |k MLA | ||